000 01427nam a2200421 i 4500
001 991001863499705066
003 KOSZ 005
005 20200406162338.0
008 970612s1991 pl a f f |000 0 pol
015 _aPB 1991/6644
035 _a(PL-WaBN)b1052308x-48omnis_nlop
035 _ab1052308x
035 _a(OCoLC)749345791
035 _a(PL)b0000001052308
040 _aWA N
_cWA N
_dKOSZ 005/HR
046 _k1991
080 _a625.7/.8
080 _a(075.8)
100 1 _aGodlewski, Dariusz
_c(budownictwo)
_eAutor
245 1 0 _aZagadnienia systemowe związane z utrzymaniem jezdni drogowych /
_cDariusz Godlewski.
260 _aWarszawa :
_bWydawnictwa Politechniki Warszawskiej,
_c1991.
300 _a108 s., [1] k. tabl. :
_brys., wykr. ;
_c24 cm.
336 _2rdacontent
_aTekst
_btxt
337 _2rdamedia
_aBez urządzenia pośredniczącego
_bn
338 _2rdacarrier
_aWolumin
_bnc
380 _aKsiążki
388 _a1901-2000
388 _a1989-2000
504 _aBibliogr. przy rozdz.
658 _aTransport i logistyka
658 _aArchitektura i budownictwo
650 7 _aDrogi
_2DBN
655 7 _aPodręczniki akademickie
_2DBN
710 2 _aOficyna Wydawnicza Politechniki Warszawskiej
_4pbl
856 _uhttp://koha.tu.koszalin.pl/cgi-bin/koha/opac-detail.pl?biblionumber=36689
_yKatalog online BPK
942 _2UKD
_cKS
999 _c36689
_d36689